000 00955naa a2200241 c 4500
001 46855
003 ES-MaCES
005 20151223095054.0
008 151223s2015 sp ||||| t||||||| ||spa d
040 _aES-MaCES
_bspa
_cES-MaCES
_dES-MaCES
100 1 _99200
_aCasas Baamonde, María Emilia
245 1 3 _aEl derecho del trabajo ante las nueva formas de trabajo
_cMaría Emilia Casas Baamonde
650 4 _929209
_aorganización del trabajo
650 4 _928369
_arelaciones laborales
650 4 _928316
_acontrato de trabajo
650 4 _927165
_aderecho del trabajo
650 4 _927166
_alegislación del trabajo
650 4 _928327
_acondiciones de trabajo
653 1 0 _aRelaciones laborales-Empleo
773 0 _983758
_dMadrid Lefebvre El Derecho 2015-
_o086660
_tDerecho de las relaciones laborales
_w(ES-MaCES)46200
_gn. 7 (nov. 2015) {55/1131 R. 086660} ;p. 709-721
902 _aART Artículo de revista
942 _2CES
_cAR
_h2.0.
999 _c46855
_d46855